书目信息 |
| 题名: |
矢量分析与场论(第二版)导教·导学·导考
|
|
| 作者: | 任保文 编 | |
| 分册: | ||
| 出版信息: | 西安 西北工业大学出版社 2006 |
|
| 页数: | 76页 | |
| 开本: | 23cm | |
| 丛书名: | 新三导丛书 | |
| 单 册: | ||
| 中图分类: | O183.1 | |
| 科图分类: | ||
| 主题词: | 场论--分析--高等学校--教学参考资料 , 矢量--分析--高等学校--教学参考资料 , 场论 , 矢量 | |
| 电子资源: | ||
| ISBN: | 7-5612-2061-8 | |
| 000 | 00954oam2 2200289 450 | |
| 001 | 012007390111 | |
| 005 | 20070517093919.54 | |
| 010 | @a7-5612-2061-8@dCNY8.00 | |
| 100 | @a20070512d2006 km y0chiy0120 ea | |
| 101 | 0 | @achi |
| 102 | @aCN@b610000 | |
| 105 | @ay z 000yy | |
| 106 | @ar | |
| 200 | 1 | @a矢量分析与场论(第二版)导教·导学·导考@Ashi liang fen xi yu chang lun(di er ban)dao jiao·dao xue·dao kao@f任保文编@Fren bao wen bian |
| 210 | @a西安@c西北工业大学出版社@d2006 | |
| 215 | @a76页@d23cm | |
| 225 | 2 | @a新三导丛书 |
| 330 | @a本书是以矢量分析与场论基础理论中一些典型题目的分析解答为中心,并配合矢量分析与场论课程教学与学习的辅导教材。 | |
| 461 | 0 | @12001 @a新三导丛书 |
| 606 | 0 | @a场论@x分析@x高等学校@j教学参考资料 |
| 606 | 0 | @a矢量@x分析@x高等学校@j教学参考资料 |
| 606 | 0 | @a场论 |
| 606 | 0 | @a矢量 |
| 690 | @aO183.1@v4 | |
| 701 | 0 | @a任保文@Aren bao wen@4编 |
| 801 | 0 | @aCN@bRULIN@c20070517 |
| 905 | @dO183.1@e7@s8 | |
| 矢量分析与场论(第二版)导教·导学·导考/任保文编.-西安:西北工业大学出版社,2006 |
| 76页;23cm.-(新三导丛书) |
| ISBN 7-5612-2061-8:CNY8.00 |
| 本书是以矢量分析与场论基础理论中一些典型题目的分析解答为中心,并配合矢量分析与场论课程教学与学习的辅导教材。 |
| ● |
| 相关链接 |
|
|
|
|
正题名:矢量分析与场论(第二版)导教·导学·导考
索取号:O183.1/7
 
预约/预借
| 序号 | 登录号 | 条形码 | 馆藏地/架位号 | 状态 | 备注 |
| 1 | 0573208 | 205732082 | 第二样本阅览室/ [索取号:O183.1/7] | 在馆 | |
| 2 | 0573209 | 205732091 | 第三借阅区/ [索取号:O183.1/7] | 在馆 | |
| 3 | 0573210 | 205732108 | 第三借阅区/ [索取号:O183.1/7] | 在馆 | |
| 4 | 0573211 | 205732117 | 第三借阅区/ [索取号:O183.1/7] | 在馆 | |
| 5 | 0573212 | 205732126 | 第三借阅区/ [索取号:O183.1/7] | 在馆 | |
| 6 | 0573213 | 205732135 | 第三借阅区/ [索取号:O183.1/7] | 在馆 | |
| 7 | 0573214 | 205732144 | 第三借阅区/ [索取号:O183.1/7] |
已借出,限还日期为2015.12.08 借出人:黄凯云 |
|
| 8 | 0573215 | 205732153 | 第三借阅区/ [索取号:O183.1/7] | 在馆 |